Statistiken für Saint Kitts und Nevis-Quiz

Klicken Sie hier um das Quiz zu spielen!

Allgemein

  • Dieses Quiz wurde 593 mal gespielt
  • Das Durchschnittsergebnis liegt bei 10 aus 16

Antwortstatistiken

FrageAntwort% Korrekt
Meer, in welchem St. Kitts und Nevis liegtKaribisches Meer
98%
Land von welchem St. Kitts und Nevis 1983 unabhängig wurdeVereinigtes Königreich
93%
Währung von St. Kitts und NevisOstkaribischer Dollar
89%
St. Kitts ist das ______ Land der Westhalbkugel, sowohl flächen- als auch bevölkerungsmäßigKleinste
88%
Beliebteste SportartCricket
82%
Land, das die Insel Sint Eustatius kontrolliert, nur 10km entfernt von Saint KittsNiederlande
77%
Offiziell nach Verfassung, Staatsoberhaupt von St. Kitts und NevisKönigin Elisabeth II
72%
Nach Monaco besitzt St. Kitts pro Kopf die zweithöchste Anzahl dieser LeuteMilliardäre
71%
Hauptstadt von St. Kitts und NevisBasseterre
62%
Begriff, der die Inseln und Gewässern in und um diesem Meer bezeichnetWest{indische} Inseln
58%
Vor den 1940er Jahren war die Wirtschaft hauptsächlich von diesem Anbauprodukt abhängigZuckerrohr
55%
Größte Stadt auf der Insel Nevis, nach einem König benannt{Charles}town
50%
Nennen Sie eine der drei wichtigsten protestantischen Konfessionen, zu welcher die Hälfte der Bevölkerung angehörenAnglikanisch | Methodistisch | Pfingstler
45%
Heiliger, nach dem die Insel St. Kitts benannt istChristophorus
37%
Einer der Gründer der USA, der 1757 auf der Insel Nevis geboren wurde; wurde in einem Duell tödlich verwundetAlexander Hamilton
34%
Meerenge zwischen den Inseln Saint Kitts und NevisThe {Narrows}
23%

Verteilung der Resultate

Perzentil nach korrekt beantworteten Fragen

Anzahl Personen mit jedem Resultat

Ihre Resultats-Entwicklung

Sie haben dieses Quiz noch nicht gespielt